Вып. 4 : Приборы для исследования плазмы и электромагнитных полей; Научное космическое приборостроение

Opis bibliograficzny
Parent link:Научное космическое приборостроение: материалы семинары, 27 сент. - 1 окт. 1982 г., Одесса/ Академия наук СССР (АН СССР), Институт космических исследований (ИКИ) ; Научное космическое приборостроение ; Одесский политехнический институт ; под ред. В. М. Балебанова. Вып. 4 : Приборы для исследования плазмы и электромагнитных полей.— , 1983-1985
Język:rosyjski
Wydane: 1985
Hasła przedmiotowe:
Format: Książka
KOHA link:https://koha.lib.tpu.ru/cgi-bin/koha/opac-detail.pl?biblionumber=285109

MARC

LEADER 00000nam2a2200000 4500
001 285109
005 20231101235749.0
035 |a (RuTPU)RU\TPU\book\309313 
090 |a 285109 
100 |a 20150220d1985 k y0rusy50 ca 
101 0 |a rus 
102 |a RU 
105 |a a z 101zy 
200 0 |a Вып. 4 : Приборы для исследования плазмы и электромагнитных полей 
210 |d 1985 
215 |a 135 с.  |c ил. 
320 |a Библиография в конце докладов 
461 1 |0 (RuTPU)RU\TPU\book\280241  |t Научное космическое приборостроение  |o материалы семинары, 27 сент. - 1 окт. 1982 г., Одесса  |o в 4 вып.  |f Академия наук СССР (АН СССР), Институт космических исследований (ИКИ) ; Научное космическое приборостроение ; Одесский политехнический институт ; под ред. В. М. Балебанова  |v Вып. 4 : Приборы для исследования плазмы и электромагнитных полей  |d 1983-1985 
606 1 |a Космическое пространство  |x Исследование  |x Аппаратура  |2 stltpush  |3 (RuTPU)RU\TPU\subj\15878  |9 42082 
610 1 |a околоземное космическое пространство 
610 1 |a межпланетное космическое пространство 
610 1 |a космическая плазма 
610 1 |a электромагнитные поля 
610 1 |a исследование 
610 1 |a космическое приборостроение 
610 1 |a солнечный ветер 
610 1 |a состав 
610 1 |a масс-спектрометры 
610 1 |a радиоспектрометры 
610 1 |a ионосферная плазма 
610 1 |a зондовые измерения 
610 1 |a приборы 
675 |a 629.785(063)  |v 4 
801 1 |a RU  |b 63413507  |c 20150220 
801 2 |a RU  |b 63413507  |c 20171127  |g RCR 
942 |c BK